Prestavba očami spisovateľa

Bibliographic Details
Main Author: Vasieliev, Ivan (Author)
Other Authors: Bukajevová, Katarína (Translator)
Format: Book
Language:Slovak
Russian
PhysicalDescription:31, [1] s. 8°
Published: Moskva Vydav. tlačovej agentúry Novosti 1989
Subjects:

MARC

LEADER 00000cam a2200000 a 4500
001 vtls001377034
003 SK-MaSNL
005 20260301201425.0
008 251031s1989 ru 00000 slo
035 |a SNK000330975 
040 |a SNK  |b slo  |c SNK  |e AACR2 
041 1 |a slo  |h rus 
044 |a ru  |c RU 
100 1 |a Vasieliev, Ivan  |4 aut  |9 582001 
240 1 0 |a Perestrojka glazami pisateľa  |l Slovensky 
245 1 0 |a Prestavba očami spisovateľa  |c Ivan Vasiliev ; prel. z rus. orig. Perestrojka glazami pisateľa Katarína Bukajevová 
260 |a Moskva  |b Vydav. tlačovej agentúry Novosti  |c 1989 
300 |a 31, [1] s.  |c 8° 
650 0 7 |a spisovatelia  |2 SNKPH  |9 4982 
655 7 |a úvahy  |2 SNKPH  |9 29403 
700 1 |a Bukajevová, Katarína  |4 trl  |9 582002 
958 |a RK 
958 |a OND 
958 |a RU 
999 |c 894739  |d 896669 
952 |t P60, <03>, [BOOK], {603}  |a SNK  |b SNK  |y PREZ  |7 0  |o snkSD 61616  |i snkV 3661/89  |0 0  |1 0  |4 0  |d 1999-11-15  |l 0  |r 2005-01-02 00:00:00  |w 2026-02-24